000 00782nam a2200217 a 4500
005 20260204064132.0
008 011016s1995 ea r 000 0 eng d
020 _a0871202379
035 _aUPN01000113117
049 _aCG
050 4 _aLB1027.3
_bA8.3
110 2 _aASCM Improving Student Achievewent Research Panel
245 1 0 _aEducating everybody's children :
_bdiverse teaching strategies for diverse... /
_cASCM Improving Student Achievement Research Panel.
260 _aVirginia, E.U.A. :
_bASCD,
_c1995.
300 _a184 p. :
_eil.
650 4 _aEXPERIMENTOS EDUCATIVOS
_95899
650 4 _aEducación
_xInvestigación
_94070
650 4 _aEstudiantes extranjeros
_zEstados Unidos
_925027
650 4 _aEDUCACION INTERCULTURAL -
_zESTADOS UNIDOS
_916961
905 _aLibro
999 _c87025
_d87025